New Zealand Geography by Letter - A - Statistics

General Stats
  • This quiz has been taken 45 times
  • The average score is 4 of 12
Answer Stats
clue answer % Correct
The country's largest city, by a large margin Auckland
100%
New Zealand's tallest mountain, 3754 m {Aoraki} / Mt Cook
61%
Historic town 20km from Queenstown Arrowtown
55%
South Island mountain road pass, and village Arthur's Pass
43%
South Canterbury town between Christchurch and Timaru Ashburton
41%
River that flows through Christchurch Avon
39%
Driest town (360 mm / 14 inches annually) in New Zealand, in Central Otago Alexandra
23%
Gorge on State Hwy 3 connecting Hamilton and New Plymouth Awakino
9%
Village in Marlborough Sounds, NZ headquarters of Outward Bound Anakiwa
7%
Village near Dunedin where 13 died in a 1990 massacre Aramoana
7%
Napier suburb, and its estuary, reclaimed to create the airport Ahuriri
0%
Hydro-dam, and village, on Waikato River Atiamuri
0%
No matching quizzes found
Score Distribution
Percent of People with Each Score
Percentile by Number Answered
Your Score History
You have not taken this quiz